Poruchy rádioprijímačov a ich odstránenie /

Salvato in:
Dettagli Bibliografici
Autore principale: Pabst, Bernhard (Autore)
Natura: Libro
Lingua:slovacco
Pubblicazione: Bratislava : SVTL, 1967
Edizione:1.vyd.
Serie:Edícia elektrotechnickej literatúry
Tags: Aggiungi Tag
Nessun Tag, puoi essere il primo ad aggiungerne!!

MARC

LEADER 00000nam a22000003a 4500
001 stu3950
005 20150617225810.0
008 930614s1967----cs------------------slo-d
040 |a STU  |b slo 
041 0 |a slo 
044 |a cs 
080 |a 621.396.62 
100 1 |a Pabst, Bernhard  |4 aut 
245 1 |a Poruchy rádioprijímačov a ich odstránenie /  |c [aut.] Pabst,Bernhard 
250 |a 1.vyd. 
260 |a Bratislava :  |b SVTL,  |c 1967 
300 |a 377 s 
830 0 |a Edícia elektrotechnickej literatúry 
996 |b 284EK04815  |c E*28828  |l EE01  |s A  |a 24  |w stu3950_0001 
996 |b E17468  |c E*17468  |l EE11  |s P  |a 0  |w stu3950_0002 
996 |b 284EK04814  |c E*78135  |l EE01  |s A  |a 24  |w stu3950_0003